00759nam a2200205 a 450000100100000000500170001000800410002702000150006804000250008308200150010810000320012324500920015526000340024730000350028150000570031670000350037304900090040895201190041799900170053600002021720200929170322.0100728s1990 mx a 000 0 spa d a9681320387 aDO-SdBNPbspacBNPHU axxxbT693l1 aTorres Nova, Ricardo94281713aLa conquista del Éverest /cRicardo Torres Nova ; colaborador Miguel Guzmán Peredo. aMéxio D.F. :bDiana,c1990. a215 p. :bil., graf. ;c24 cm. aIncluye datos biográficos del autor en las solapas1 aGuzmán Paredo, Miguel942818 aBNPD 001054708MOaGRbGRcCTd2010-07-28iLF1l0oxxx T693lp20217-10r2020-06-25w2020-06-25y4ZPréstamo en sala c19722d19722